<?xml version="1.0" encoding="UTF-8"?>
<record
    xmlns:xsi="http://www.w3.org/2001/XMLSchema-instance"
    xsi:schemaLocation="http://www.loc.gov/MARC21/slim http://www.loc.gov/standards/marcxml/schema/MARC21slim.xsd"
    xmlns="http://www.loc.gov/MARC21/slim">

  <leader>01351nam2a2200301   4500</leader>
  <controlfield tag="001">RU\NLR\BIBL_A\022670706</controlfield>
  <controlfield tag="005">20251210182841.0</controlfield>
  <datafield tag="010" ind1=" " ind2=" ">
    <subfield code="a">978-5-389-28978-9</subfield>
    <subfield code="9">15000</subfield>
  </datafield>
  <datafield tag="021" ind1=" " ind2=" ">
    <subfield code="a">RU</subfield>
    <subfield code="b">&#x410;&#x41B;-&#x41F;-25-00749&#x438;</subfield>
    <subfield code="9">&#x410;&#x41B;-&#x41F;-25-0154</subfield>
  </datafield>
  <datafield tag="035" ind1=" " ind2=" ">
    <subfield code="a">(NLR Aleph) 022670706</subfield>
  </datafield>
  <datafield tag="090" ind1=" " ind2=" ">
    <subfield code="a">13469025</subfield>
    <subfield code="c">13469025</subfield>
  </datafield>
  <datafield tag="100" ind1=" " ind2=" ">
    <subfield code="a">20251121d2025    u  y0rusy50      ca</subfield>
  </datafield>
  <datafield tag="101" ind1="1" ind2=" ">
    <subfield code="a">rus</subfield>
    <subfield code="c">jpn</subfield>
  </datafield>
  <datafield tag="102" ind1=" " ind2=" ">
    <subfield code="a">RU</subfield>
  </datafield>
  <datafield tag="105" ind1=" " ind2=" ">
    <subfield code="a">a   t   000ay</subfield>
  </datafield>
  <datafield tag="200" ind1="0" ind2=" ">
    <subfield code="a">14</subfield>
    <subfield code="f">[&#x43F;&#x435;&#x440;&#x435;&#x432;&#x43E;&#x434; &#x441; &#x44F;&#x43F;&#x43E;&#x43D;&#x441;&#x43A;&#x43E;&#x433;&#x43E; &#x421;&#x435;&#x440;&#x433;&#x435;&#x44F; &#x41B;&#x438;&#x442;&#x432;&#x438;&#x43D;&#x435;&#x43D;&#x43A;&#x43E;]</subfield>
  </datafield>
  <datafield tag="210" ind1=" " ind2=" ">
    <subfield code="d">2025</subfield>
  </datafield>
  <datafield tag="215" ind1=" " ind2=" ">
    <subfield code="a">[184] &#x441;.</subfield>
    <subfield code="c">&#x438;&#x43B;.</subfield>
  </datafield>
  <datafield tag="327" ind1="1" ind2=" ">
    <subfield code="a">&#x421;&#x43E;&#x434;&#x435;&#x440;&#x436;.: &#x41A;&#x43D;. 19: &#x41F;&#x440;&#x438;&#x432;&#x44B;&#x447;&#x43D;&#x430;&#x44F; &#x43A;&#x430;&#x440;&#x442;&#x438;&#x43D;&#x430;</subfield>
  </datafield>
  <datafield tag="333" ind1=" " ind2=" ">
    <subfield code="a">18+</subfield>
  </datafield>
  <datafield tag="461" ind1=" " ind2="0">
    <subfield code="1">001RU\NLR\BIBL_A\012772788</subfield>
    <subfield code="1">2001#$a&#x427;&#x435;&#x43B;&#x43E;&#x432;&#x435;&#x43A;-&#x431;&#x435;&#x43D;&#x437;&#x43E;&#x43F;&#x438;&#x43B;&#x430;$e[&#x43C;&#x430;&#x43D;&#x433;&#x430;]$f&#x422;&#x430;&#x446;&#x443;&#x43A;&#x438; &#x424;&#x443;&#x434;&#x437;&#x438;&#x43C;&#x43E;&#x442;&#x43E;$g[&#x43F;&#x435;&#x440;&#x435;&#x432;&#x43E;&#x434; &#x441; &#x44F;&#x43F;&#x43E;&#x43D;&#x441;&#x43A;&#x43E;&#x433;&#x43E; &#x413;&#x430;&#x43B;&#x438;&#x43D;&#x44B; &#x421;&#x43E;&#x43B;&#x43E;&#x432;&#x44C;&#x435;&#x432;&#x43E;&#x439;]$v14</subfield>
    <subfield code="1">700#1$a&#x424;&#x443;&#x434;&#x437;&#x438;&#x43C;&#x43E;&#x442;&#x43E;$b&#x422;.$g&#x422;&#x430;&#x446;&#x443;&#x43A;&#x438;$f1992-$3RU\NLR\AUTH\770243032</subfield>
    <subfield code="9">13098034</subfield>
    <subfield code="a">&#x424;&#x443;&#x434;&#x437;&#x438;&#x43C;&#x43E;&#x442;&#x43E;, &#x422;. (1992-)</subfield>
    <subfield code="c">&#x421;&#x430;&#x43D;&#x43A;&#x442;-&#x41F;&#x435;&#x442;&#x435;&#x440;&#x431;&#x443;&#x440;&#x433;</subfield>
    <subfield code="d">2021</subfield>
    <subfield code="f">&#x422;&#x430;&#x446;&#x443;&#x43A;&#x438; &#x424;&#x443;&#x434;&#x437;&#x438;&#x43C;&#x43E;&#x442;&#x43E;</subfield>
    <subfield code="n">&#x410;&#x437;&#x431;&#x443;&#x43A;&#x430;</subfield>
    <subfield code="o">[&#x43C;&#x430;&#x43D;&#x433;&#x430;]</subfield>
    <subfield code="t">&#x427;&#x435;&#x43B;&#x43E;&#x432;&#x435;&#x43A;-&#x431;&#x435;&#x43D;&#x437;&#x43E;&#x43F;&#x438;&#x43B;&#x430;</subfield>
    <subfield code="v">14</subfield>
  </datafield>
  <datafield tag="517" ind1="1" ind2=" ">
    <subfield code="a">&#x41F;&#x440;&#x438;&#x432;&#x44B;&#x447;&#x43D;&#x430;&#x44F; &#x43A;&#x430;&#x440;&#x442;&#x438;&#x43D;&#x430;</subfield>
  </datafield>
  <datafield tag="702" ind1=" " ind2="1">
    <subfield code="a">&#x41B;&#x438;&#x442;&#x432;&#x438;&#x43D;&#x435;&#x43D;&#x43A;&#x43E;</subfield>
    <subfield code="b">&#x421;.</subfield>
  </datafield>
  <datafield tag="942" ind1=" " ind2=" ">
    <subfield code="c">BOOK</subfield>
  </datafield>
  <datafield tag="980" ind1=" " ind2=" ">
    <subfield code="a">NB</subfield>
  </datafield>
</record>
